000 00552cam a2200205 4500
008 000000n1999 000 0 eng u
020 _a1860813445
035 _a(Sirsi) u103831
050 _a690.0285
110 _aBuilding Centre Trust
_93162
245 _aModelling of building services, 33 Old Broad Street.
260 _aLondon
_bCRC
_c1999
300 _a6p. ; 30cm.
490 _aIT Case Study
_v4
650 _aCAD
650 _aDESIGN
650 _aIT
690 _aMANAGEMENT-BUSINESS MANAGEMENT-INFORMATION MANAGEMENT
942 _n0
999 _c100170
_d100170